000 00402nam a2200169Ia 4500
008 230524s9999 xx 000 0 und d
020 _a8178666715
082 _a658.4
_bMUR
100 _aC S V Murthy
245 0 _aManagement Information Systems
250 _a3RD
260 _aMUMBAI
_bHimalayan
_c2003
300 _aXVII;735
500 _aQuantity Number: 2
650 _aComp-Sc
942 _cBK
999 _c15715
_d15715